Logos mit Jeppy - Statistiken

Allgemein
  • Dieses Quiz wurde 67 mal gespielt
  • Das Durchschnittsergebnis liegt bei 13 aus 16
Antwortstatistiken
Bildquiz Antwort % Korrekt
Coca-Cola
98%
Disney+
98%
Starbucks
98%
Amazon
97%
KFC
95%
Red Bull
94%
Ferrari
90%
YouTube
90%
Snapchat
87%
Tiktok
87%
Playboy
86%
Pringles
78%
Pizza Hut
73%
Reddit
71%
Warner Bros.
57%
iTunes
21%
Keine übereinstimmenden Quizze gefunden
Verteilung der Resultate
Anzahl Personen mit jedem Resultat
Perzentil nach korrekt beantworteten Fragen
Ihre Resultats-Entwicklung
Sie haben dieses Quiz noch nicht gespielt